000 00638nam a2200241Ia 4500
001 930
003 GE_BSU
008 181216s||||||||xx |||||||||||||| ||und||
020 _a9785397003629
040 _cGE_BSU
080 _a81(075.8)
100 _aКомиссаров,В.Н.
245 _aЛингвистика перевода
245 _cПредисл. М.Я.Цвиллинга
250 _a3-е изд.
260 _aМосква
260 _bКнижный дом "Либроком
260 _c2008
300 _a176стр.
541 _h30л.
653 _aЛингвистика перевода
942 _cBK
999 _c35089
_d35089